000 00453nam a2200181Ia 4500
001 13950
005 20260306164838.0
008 260306t2001||||xx |||||||||||||| ||spa||
041 _aESP
082 _a005.74
_bD75
100 _aDietrich,Suzanne W.
_eAUT
245 0 _aUnderstanding relational database query languagues
260 _c2001
300 _axiv, 176 páginas :
_c23 cm.
650 _aGEN
654 _aCCC
942 _cLIB
_dJUS
_fJUS
_2ddc
_n
999 _c13950
_d13950